[Event "TCh-CHN 2018"]
[Site "China CHN"]
[Date "2018.10.28"]
[Round "17.3"]
[Board "1"]
[White "Ma, Qun"]
[Black "Andreikin, Dmitry"]
[Result "1/2-1/2"]
[WhiteTitle "GM"]
[BlackTitle "GM"]
[WhiteElo "2620"]
[BlackElo "2719"]
[WhiteTeam "Hangzhou Bank Team"]
[BlackTeam "Chongqing Team"]
[WhiteFideId "8603154"]
[BlackFideId "4158814"]
[EventDate "2018.04.11"]

1. d4 Nf6 2. c4 e6 3. Nc3 Bb4 4. Qc2 O-O 5. a3 Bxc3+ 6. Qxc3 d5 7. Nf3 dxc4 8.
Qxc4 b6 9. Bg5 Ba6 10. Qa4 Qd7 11. Qxd7 Nbxd7 12. Bxf6 Nxf6 13. e3 Bb7 14. Rc1
Rac8 15. Ne5 Rfd8 16. f3 c5 17. dxc5 Nd7 18. Nxd7 Rxd7 19. Bb5 Rdc7 20. b4 bxc5
21. Kd2 Kf8 22. Rc3 cxb4 23. Rxc7 Rxc7 24. axb4 e5 25. e4 Bc8 26. Rc1 Rxc1 27.
Kxc1 Ke7 28. Kd2 f6 29. Kc3 Kd6 30. Bc4 h6 31. h4 g5 32. hxg5 fxg5 33. g4 Bd7
34. Bd3 Be8 35. Be2 Bd7 1/2-1/2

[Event "TCh-CHN 2018"]
[Site "China CHN"]
[Date "2018.10.28"]
[Round "17.3"]
[Board "2"]
[White "Jakovenko, Dmitry"]
[Black "Zeng, Chongsheng"]
[Result "1-0"]
[WhiteTitle "GM"]
[BlackTitle "GM"]
[WhiteElo "2735"]
[BlackElo "2535"]
[WhiteTeam "Hangzhou Bank Team"]
[BlackTeam "Chongqing Team"]
[WhiteFideId "4122356"]
[BlackFideId "8603847"]
[EventDate "2018.04.11"]

1. c4 Nf6 2. Nc3 d5 3. cxd5 Nxd5 4. g3 g6 5. Bg2 Nb6 6. d3 Bg7 7. Be3 Nc6 8.
Bxc6+ bxc6 9. Qd2 h5 10. h4 Nd5 11. Rc1 Nxe3 12. Qxe3 Rb8 13. b3 Bd4 14. Qd2 Bg4
15. Nf3 Bxf3 16. exf3 Qd6 17. Ne4 Qd5 18. O-O O-O 19. Rc4 Rfd8 20. Kg2 Rb6 21.
Rfc1 Bg7 22. Nc5 Rd6 23. Ra4 Rb5 24. Ne4 Qxd3 25. Qxd3 Rxd3 26. Rxa7 Be5 27. f4
f5 28. Ra8+ Kg7 29. Nc5 Rc3 30. Ne6+ Kf7 31. Nd8+ Kg7 32. Rxc3 Bxc3 33. Nxc6 Rc5
34. Ra6 Bf6 35. b4 Rc2 36. b5 Bc3 37. Kf1 Rb2 38. a4 Rb1+ 39. Kg2 Rb2 40. Ra7
Be1 41. Rxc7 Bxf2 42. Rxe7+ Kf6 43. Kf3 Bb6 44. Re2 Rb3+ 45. Kg2 Ra3 46. Ne5 Ba5
47. Nc4 Rxa4 48. Nxa5 Rxa5 49. Rb2 Ra7 50. b6 Rb7 51. Kf3 Ke6 52. Ke3 Kd5 53.
Kd3 Kc5 54. Kc3 Kd5 55. Rb5+ Kd6 56. Kc4 Kd7 57. Kd5 Kc8 58. Rc5+ Kb8 59. Kc6
Rf7 60. Re5 Rf6+ 61. Kb5 Rf8 62. Ka6 Ka8 63. Re7 Rg8 64. Rf7 Kb8 65. Ra7 1-0

[Event "TCh-CHN 2018"]
[Site "China CHN"]
[Date "2018.10.28"]
[Round "17.3"]
[Board "3"]
[White "Bai, Jinshi"]
[Black "Liu, Yan"]
[Result "1/2-1/2"]
[WhiteTitle "GM"]
[BlackTitle "IM"]
[WhiteElo "2568"]
[BlackElo "2495"]
[WhiteTeam "Hangzhou Bank Team"]
[BlackTeam "Chongqing Team"]
[WhiteFideId "8602280"]
[BlackFideId "8608962"]
[EventDate "2018.04.11"]

1. d4 Nf6 2. c4 e6 3. g3 Bb4+ 4. Nd2 c5 5. a3 Bxd2+ 6. Qxd2 cxd4 7. Nf3 b6 8. b4
Bb7 9. Qxd4 Nc6 10. Qf4 a5 11. b5 Ne7 12. Bb2 Ng6 13. Qe3 d6 14. Bg2 Ne5 15.
Bxe5 Ng4 16. Qd4 Nxe5 17. O-O Qc7 18. Rfd1 Rc8 19. Nxe5 dxe5 20. Qd6 Bxg2 21.
Kxg2 Qxd6 22. Rxd6 Rxc4 23. Rxb6 Ke7 24. Rb7+ Kf6 25. Rb1 a4 26. b6 g5 27. e4 g4
28. h3 h5 29. Ra7 Rb8 30. b7 Rc7 31. Rb5 Kg6 32. Rxe5 Rbxb7 33. Rxb7 Rxb7 34.
Ra5 Rb2 35. h4 Rb1 36. Rxa4 e5 37. Rb4 Ra1 38. Rb3 Re1 39. Re3 Ra1 40. Rd3 Re1
41. Re3 Ra1 42. f3 Ra2+ 43. Kf1 f5 44. fxg4 f4 45. Re2 Ra1+ 46. Re1 Rxa3 47.
gxf4 Rf3+ 48. Kg2 Rxf4 49. gxh5+ Kxh5 50. Kg3 1/2-1/2

[Event "TCh-CHN 2018"]
[Site "China CHN"]
[Date "2018.10.28"]
[Round "17.3"]
[Board "4"]
[White "Tan, Zhongyi"]
[Black "Li, Ruofan"]
[Result "1/2-1/2"]
[WhiteTitle "GM"]
[BlackTitle "IM"]
[WhiteElo "2513"]
[BlackElo "2325"]
[WhiteTeam "Chongqing Team"]
[BlackTeam "Hangzhou Bank Team"]
[WhiteFideId "8603642"]
[BlackFideId "8600643"]
[EventDate "2018.04.11"]

1. d4 d5 2. c4 e6 3. Nf3 Nf6 4. g3 Bb4+ 5. Nbd2 O-O 6. Bg2 b6 7. O-O Bb7 8. Qc2
Nbd7 9. cxd5 exd5 10. Ne5 c5 11. Ndf3 c4 12. Bf4 Be7 13. Rad1 b5 14. Bh3 Nb6 15.
Ng5 Bc8 16. Bg2 Bb7 17. e4 Nxe4 18. Nxe4 dxe4 19. d5 Bxd5 20. Bxe4 Bxe4 21. Qxe4
Qc8 22. Rfe1 Re8 23. Qf3 Bf6 24. Re2 Qc5 25. Rde1 Rf8 26. Ng4 Bd4 27. Be5 f6 28.
Nh6+ Kh8 29. Bxd4 Qxd4 30. Re7 Qd3 31. Qg4 Qg6 32. Nf7+ Kg8 33. Qxg6 hxg6 34.
Nd6 a6 35. Rb7 Rfb8 36. Rc7 Nd5 37. Rc5 Nb4 38. Re7 Rd8 39. Rcc7 Rxd6 40. Rxg7+
Kf8 41. Rh7 Kg8 42. Rcg7+ Kf8 43. Rf7+ Kg8 44. h4 f5 45. Rhg7+ Kh8 46. Kg2 Nd5
47. Rh7+ Kg8 48. Rhg7+ 1/2-1/2

[Event "TCh-CHN 2018"]
[Site "China CHN"]
[Date "2018.10.28"]
[Round "17.3"]
[Board "5"]
[White "Lei, Tingjie"]
[Black "Gu, Tianlu"]
[Result "0-1"]
[WhiteTitle "GM"]
[BlackTitle "WIM"]
[WhiteElo "2457"]
[BlackElo "2231"]
[WhiteTeam "Chongqing Team"]
[BlackTeam "Hangzhou Bank Team"]
[WhiteFideId "8605114"]
[BlackFideId "8603995"]
[EventDate "2018.04.11"]

1. d4 d5 2. c4 e6 3. Nc3 Nf6 4. Nf3 c6 5. Bg5 h6 6. Bh4 Nbd7 7. e3 Be7 8. Bd3
O-O 9. O-O c5 10. Rc1 b6 11. cxd5 Nxd5 12. Bg3 Bb7 13. Qe2 N7f6 14. Rfd1 cxd4
15. exd4 Nh5 16. Bb1 Nxg3 17. hxg3 Nf6 18. Ne5 Bb4 19. g4 Qe7 20. f4 Nd7 21. Nb5
Nxe5 22. Rc7 Qh4 23. fxe5 Bd5 24. Rf1 Qg5 25. Be4 Bxe4 26. Qxe4 Bd2 27. g3 Qe3+
28. Qxe3 Bxe3+ 29. Kg2 a6 30. Kf3 axb5 31. Kxe3 Rxa2 32. Rf2 Ra4 33. Rb7 Rb4 34.
Rc2 Rd8 35. Rd2 Rb3+ 36. Kf2 Rb4 37. Rxb6 Ra8 38. Rc6 Raa4 39. Ke3 Rb3+ 40. Kf2
Ra2 41. Rcc2 Kh7 42. Kg2 Kg6 43. Rf2 Rb4 44. Rcd2 f6 45. exf6 gxf6 46. Kh3 Rb3
47. Rfe2 Kf7 48. Rc2 Ra6 49. d5 exd5 50. Rc7+ Kf8 51. Ree7 Ra8 52. Kh4 Rxb2 53.
Kh5 Rc2 54. Rb7 Rc6 55. Rf7+ Kg8 56. Rg7+ Kh8 57. Rh7+ Kg8 58. Rxh6 Ra1 59. Rb8+
Kg7 60. Rb7+ Kg8 61. Rb8+ Kf7 62. Rh7+ Ke6 63. Kg6 d4 64. Rf7 Rf1 65. Rxb5 d3
66. Rb8 Rd6 67. Re8+ Kd5 68. Re3 Kd4 69. Ree7 d2 70. Rd7 Kd5 0-1

[Event "TCh-CHN 2018"]
[Site "China CHN"]
[Date "2018.10.28"]
[Round "17.4"]
[Board "1"]
[White "Lu, Shanglei"]
[Black "Lin, Yi"]
[Result "1-0"]
[WhiteTitle "GM"]
[WhiteElo "2636"]
[BlackElo "2359"]
[WhiteTeam "Zhejiang Chess Team"]
[BlackTeam "Hangzhou Turbine Team"]
[WhiteFideId "8603332"]
[BlackFideId "8609659"]
[EventDate "2018.04.11"]

1. e4 c6 2. Nc3 d5 3. Nf3 Bg4 4. h3 Bxf3 5. Qxf3 e6 6. d3 Nd7 7. Bd2 Qb6 8.
O-O-O Bd6 9. g4 Ne7 10. h4 Be5 11. g5 Nc5 12. Be1 d4 13. Nb1 Na4 14. b3 Nc5 15.
Qg4 Qc7 16. Bd2 Bd6 17. f4 Nd7 18. f5 Ne5 19. Qh3 exf5 20. exf5 f6 21. Rg1 O-O-O
22. Bg2 Kb8 23. Be4 Nd5 24. Kb2 Rhe8 25. h5 fxg5 26. Bxg5 Be7 27. Bxe7 Qxe7 28.
h6 gxh6 29. Bxd5 cxd5 30. Qxh6 Rc8 31. Rg7 Qc5 32. Qh2 Ka8 33. f6 Qd6 34. Qf2
Rf8 35. Rf1 h5 36. Qf4 Qe6 37. Na3 a6 38. f7 Ng4 39. Qxd4 Qe2 40. Rc1 Ne3 41.
Rgg1 Qd2 42. Rge1 Ng2 43. Re7 Qg5 44. Qb4 Qf6+ 45. Kb1 Rb8 46. Rxb7 Nf4 47. Re1 1-0

[Event "TCh-CHN 2018"]
[Site "China CHN"]
[Date "2018.10.28"]
[Round "17.4"]
[Board "2"]
[White "Lan, Zilun"]
[Black "Xiang, Zeyu"]
[Result "1/2-1/2"]
[WhiteElo "2333"]
[BlackElo "2435"]
[WhiteTeam "Zhejiang Chess Team"]
[BlackTeam "Hangzhou Turbine Team"]
[WhiteFideId "8604193"]
[BlackFideId "8608547"]
[EventDate "2018.04.11"]

1. d4 d5 2. c4 e6 3. Nc3 Nf6 4. cxd5 Nxd5 5. Bd2 c5 6. Nf3 Nc6 7. e3 cxd4 8.
exd4 Be7 9. a3 O-O 10. Bd3 Nxc3 11. bxc3 b6 12. O-O Bb7 13. Re1 Rc8 14. Ne5 Nxe5
15. Rxe5 g6 16. Qg4 Bf6 17. Re2 Bd5 18. Rc1 Bc4 19. Bxc4 Rxc4 20. Qf3 Bg7 21.
Rb1 Qa8 22. Qxa8 Rxa8 23. Rb3 Rd8 24. f4 Rd5 25. Kf2 b5 26. Ke3 Bf8 27. Kd3 Bd6
28. g4 h6 29. Rf2 Kg7 30. Re2 a6 31. Bc1 g5 32. Rf2 Ra4 33. f5 exf5 34. Rxf5
Rxf5 35. gxf5 Bxh2 36. Rb4 Rxb4 37. cxb4 Kf6 38. Ke4 h5 39. d5 g4 40. Be3 h4 41.
Bc5 Bc7 42. d6 Bd8 43. Kf4 Kg7 44. Kxg4 h3 45. Bd4+ Kf8 46. Kxh3 Bg5 47. Bb2 Ke8
48. Kg4 Bd2 49. Kf3 Kd7 50. Ke4 Kxd6 51. Be5+ Kc6 52. Bb2 Bh6 53. Bc3 Bc1 54.
Ke5 Kd7 55. Kf6 Ke8 56. Kg7 Bxa3 57. f6 Bc1 58. Be1 Bb2 59. Bd2 Be5 60. Be1 Bd6
61. Bd2 Bg3 62. Bc3 Bh4 63. Bd2 Bg3 64. Bc3 Bh4 65. Bd2 Bg3 66. Bc3 1/2-1/2

[Event "TCh-CHN 2018"]
[Site "China CHN"]
[Date "2018.10.28"]
[Round "17.4"]
[Board "3"]
[White "Xu, Minghui"]
[Black "Inarkiev, Ernesto"]
[Result "0-1"]
[BlackTitle "GM"]
[WhiteElo "2313"]
[BlackElo "2693"]
[WhiteTeam "Zhejiang Chess Team"]
[BlackTeam "Hangzhou Turbine Team"]
[WhiteFideId "8606790"]
[BlackFideId "4162722"]
[EventDate "2018.04.11"]

1. d4 Nf6 2. c4 g6 3. Nc3 d5 4. Bg5 Ne4 5. Bh4 c5 6. cxd5 Nxc3 7. bxc3 Qxd5 8.
e3 Nc6 9. Nf3 cxd4 10. cxd4 e5 11. Be2 Bb4+ 12. Kf1 exd4 13. Nxd4 O-O 14. Bf3
Qa5 15. Nxc6 bxc6 16. g4 Be6 17. Bf6 Rfd8 18. Bxd8 Rxd8 19. Qc2 c5 20. Kg2 c4
21. Rhd1 Bd2 22. a3 c3 23. h3 h5 24. Rab1 hxg4 25. hxg4 Qxa3 26. Rb7 a5 27. Rc7
Rb8 28. Rxd2 cxd2 29. Qxd2 Qb4 30. Qd4 a4 31. Ra7 Bb3 32. Ra8 Qb5 33. Ra7 Qe8
34. Qd6 Qf8 35. Qe5 Qb4 36. Qf4 Qb6 37. Qd4 Qxd4 38. exd4 Rb4 39. d5 Rd4 40. Kg3
g5 41. Ra5 Kf8 42. Ra7 Ke8 43. Kg2 Bc2 44. Kf1 Bd3+ 45. Ke1 Bb5 46. d6 Rxd6 47.
Ra5 Bd7 48. Rxg5 Ra6 49. Kd2 a3 50. Re5+ Be6 51. Re1 a2 52. Ra1 Rb6 53. Kc2 Rb4
54. Be2 Ke7 55. f3 Kd6 56. Bd3 f6 57. Kc3 Kc5 58. Re1 Bd5 59. Bc2 Rf4 60. Kb2
Rxf3 61. Bf5 Rf2+ 62. Ka1 Bb3 63. Be6 Bxe6 64. Rxe6 Kd5 65. Re1 Rg2 66. Rf1 Ke6
67. Rf4 Kf7 68. Re4 Kg7 69. Rd4 Kh6 70. Rf4 Kg6 71. Rc4 Rg1+ 72. Kxa2 Kg5 73.
Kb3 Rxg4 74. Rc8 f5 75. Kc3 Kf4 76. Rf8 Rg5 77. Kd2 Kf3 78. Ra8 0-1

[Event "TCh-CHN 2018"]
[Site "China CHN"]
[Date "2018.10.28"]
[Round "17.4"]
[Board "4"]
[White "Zhou, Zirun"]
[Black "Ding, Yixin"]
[Result "0-1"]
[BlackTitle "WGM"]
[WhiteElo "2152"]
[BlackElo "2429"]
[WhiteTeam "Hangzhou Turbine Team"]
[BlackTeam "Zhejiang Chess Team"]
[WhiteFideId "8610975"]
[BlackFideId "8602972"]
[EventDate "2018.04.11"]

1. d4 Nf6 2. c4 e6 3. Nc3 Bb4 4. Bd2 O-O 5. Nf3 b6 6. e3 Bb7 7. Bd3 d6 8. O-O
Nbd7 9. a3 Bxc3 10. Bxc3 Ne4 11. Rc1 f5 12. Qe2 Qf6 13. Bxe4 fxe4 14. Nd2 Qh4
15. b4 Rf6 16. f4 exf3 17. Nxf3 Qh5 18. d5 e5 19. e4 Raf8 20. Bd2 Bc8 21. Rf2 h6
22. Rcf1 R8f7 23. Nd4 Qxe2 24. Nxe2 Ba6 25. b5 Rxf2 26. Rxf2 Rxf2 27. Kxf2 Bc8
28. Nc3 Nc5 29. Ke3 Kf7 30. h3 g5 31. Be1 h5 32. h4 Kg6 33. Bf2 Bg4 34. Kd2 Nb3+
35. Kc2 Na5 36. Kd3 Kf6 37. g3 Bh3 38. Be3 Bf1+ 39. Kc2 gxh4 40. gxh4 Ke7 41.
Bg5+ Kd7 42. a4 Bxc4 43. Be3 Nb3 44. Nb1 Na5 45. Nc3 Bb3+ 46. Kd3 Nb7 47. Bf2
Nc5+ 48. Bxc5 dxc5 49. Ne2 Bxa4 50. Kc4 Bd1 51. Ng3 Bg4 52. Kc3 Kc8 53. Kb3 Kb7
54. Kc3 a6 55. Kc4 axb5+ 56. Kxb5 c6+ 57. dxc6+ Kc7 58. Nf5 Be2+ 0-1

[Event "TCh-CHN 2018"]
[Site "China CHN"]
[Date "2018.10.28"]
[Round "17.4"]
[Board "5"]
[White "Zhao, Shengxin"]
[Black "Zhu, Jiner"]
[Result "1/2-1/2"]
[WhiteTitle "WFM"]
[BlackTitle "WIM"]
[WhiteElo "2133"]
[BlackElo "2379"]
[WhiteTeam "Hangzhou Turbine Team"]
[BlackTeam "Zhejiang Chess Team"]
[WhiteFideId "8608040"]
[BlackFideId "8608059"]
[EventDate "2018.04.11"]

1. d4 Nf6 2. c4 e6 3. g3 d5 4. Bg2 Bb4+ 5. Bd2 Be7 6. Nf3 O-O 7. O-O c6 8. Qb3
b6 9. cxd5 cxd5 10. Ne5 Nfd7 11. Nxd7 Qxd7 12. Bb4 Nc6 13. Bxe7 Qxe7 14. Rd1 Ba6
15. Nc3 Rac8 16. Rac1 Na5 17. Qc2 b5 18. a3 b4 19. axb4 Qxb4 20. e3 Bc4 21. Qa4
Qb6 22. Ra1 Nb3 23. Qxa7 Qc6 24. Ra3 Ra8 25. Qe7 Rae8 26. Qg5 Qb6 27. Qg4 Na5
28. Na4 Qb5 29. Bf3 Ra8 30. Rda1 Nb3 31. Nc3 Rxa3 32. Rxa3 Qb4 33. Ra4 Qb6 34.
Be2 Nd2 35. Bxc4 dxc4 36. Ra2 Qb7 37. e4 Qb6 38. e5 Qb7 39. d5 exd5 40. Qd1 Nb3
41. Qxd5 Qxd5 42. Nxd5 h6 43. Nb6 Nd2 44. Ra4 Rb8 45. Nxc4 Nxc4 46. Rxc4 Rxb2
47. Kg2 Re2 48. Rc5 Kf8 49. Kf3 Ra2 50. Rc7 g6 51. h4 Ra3+ 52. Kg4 Rb3 53. Ra7
Rc3 54. Rb7 Ra3 55. Rb6 Kg7 56. Rb7 Kf8 57. Rc7 Rb3 58. h5 gxh5+ 59. Kxh5 Rf3
60. Kxh6 Rxf2 61. g4 Re2 62. Rc5 Re4 63. Kg5 Kg7 64. Kf5 Re1 65. Rc4 Re2 66. Re4
Rf2+ 67. Kg5 Rf1 68. e6 fxe6 69. Rxe6 Rf7 70. Rg6+ Kh7 1/2-1/2

[Event "TCh-CHN 2018"]
[Site "China CHN"]
[Date "2018.10.28"]
[Round "17.5"]
[Board "1"]
[White "Wang, Yue"]
[Black "Cheparinov, Ivan"]
[Result "1/2-1/2"]
[WhiteTitle "GM"]
[BlackTitle "GM"]
[WhiteElo "2683"]
[BlackElo "2711"]
[WhiteTeam "Tianjin Team"]
[BlackTeam "Shenzhen Longgang Chess association"]
[WhiteFideId "8601429"]
[BlackFideId "2905540"]
[EventDate "2018.04.11"]

1. Nf3 d5 2. d4 Nf6 3. c4 e6 4. Nc3 Bb4 5. e3 O-O 6. Bd2 b6 7. cxd5 exd5 8. Rc1
Bb7 9. Bd3 Be7 10. O-O c5 11. dxc5 bxc5 12. Na4 Nbd7 13. Bc3 Ne4 14. Bxe4 dxe4
15. Ne5 Nxe5 16. Bxe5 Qxd1 17. Rfxd1 Rfd8 18. h3 f6 19. Bg3 Rxd1+ 20. Rxd1 Bc6
21. Nxc5 Bxc5 22. Rc1 Bd5 23. Rxc5 Bxa2 24. Rb5 Bc4 25. Rb8+ Rxb8 26. Bxb8 a6
27. Ba7 Kf7 28. Bd4 h5 29. h4 g5 30. g3 g4 1/2-1/2

[Event "TCh-CHN 2018"]
[Site "China CHN"]
[Date "2018.10.28"]
[Round "17.5"]
[Board "2"]
[White "Malakhov, Vladimir"]
[Black "Zhou, Jianchao"]
[Result "1/2-1/2"]
[WhiteTitle "GM"]
[BlackTitle "GM"]
[WhiteElo "2654"]
[BlackElo "2617"]
[WhiteTeam "Tianjin Team"]
[BlackTeam "Shenzhen Longgang Chess association"]
[WhiteFideId "4120787"]
[BlackFideId "8603537"]
[EventDate "2018.04.11"]

1. Nf3 d5 2. e3 Nf6 3. c4 e6 4. Nc3 Be7 5. b3 O-O 6. Bb2 dxc4 7. bxc4 c5 8. Rg1
b6 9. Be2 Bb7 10. Qb1 Ne8 11. g4 Nd6 12. Rg3 Nd7 13. Qc2 a6 14. g5 Rb8 15. Bd3
g6 16. Ne4 Bxe4 17. Bxe4 b5 18. cxb5 axb5 19. Bc6 Nc4 20. Bc3 Rb6 21. Qe4 Nd6
22. Qh4 h5 23. Bxd7 Qxd7 24. Qf4 b4 25. Bb2 Nf5 26. Ne5 Qd6 27. Rf3 Ra6 28. Nc4
Qxf4 29. exf4 Rfa8 30. Rd3 Bf8 31. a4 Nd6 32. Ne5 Rxa4 33. Rxa4 Rxa4 34. Nd7 Ne8
35. Nxf8 Kxf8 36. Rd8 Ke7 37. Rc8 Ra5 38. Be5 Kd7 39. Rb8 Nd6 40. d3 Ra7 41. d4
Kc6 42. dxc5 Nc4 43. Rxb4 Kxc5 44. Rb3 Nxe5 45. fxe5 Kd4 46. Rf3 Kxe5 47. Kf1
Kd6 48. Kg2 Ke7 49. h4 Ra4 50. Kg3 Rg4+ 51. Kh3 e5 52. Ra3 Ke6 53. f3 Rd4 54.
Kg3 f6 55. gxf6 Kxf6 56. Ra8 Rd3 57. Re8 Rd7 58. Ra8 Rd4 59. Ra5 Rd3 60. Ra6+
Kf5 61. Ra5 Re3 62. Rb5 g5 63. hxg5 Kxg5 64. Rxe5+ Rxe5 65. f4+ Kf5 66. fxe5
Kxe5 67. Kh4 Kf5 68. Kxh5 Ke4 1/2-1/2

[Event "TCh-CHN 2018"]
[Site "China CHN"]
[Date "2018.10.28"]
[Round "17.5"]
[Board "3"]
[White "Li, Yankai"]
[Black "Liu, Qingnan"]
[Result "1/2-1/2"]
[BlackTitle "GM"]
[WhiteElo "2427"]
[BlackElo "2538"]
[WhiteTeam "Tianjin Team"]
[BlackTeam "Shenzhen Longgang Chess association"]
[WhiteFideId "8609357"]
[BlackFideId "8603294"]
[EventDate "2018.04.11"]

1. d4 d5 2. c4 e6 3. Nf3 c6 4. Bg5 Qa5+ 5. Nbd2 h6 6. Bf4 dxc4 7. e4 Nf6 8. Qc2
b5 9. Be2 Bb7 10. O-O Na6 11. a4 Qb6 12. Rfc1 Nb4 13. Qb1 Rc8 14. b3 c3 15. Rxc3
Nbd5 16. exd5 Nxd5 17. Qc1 b4 18. Rc2 Nxf4 19. Bf1 a6 20. Ne4 Nd5 21. a5 Qc7 22.
Nc5 Nc3 23. Qe3 Bxc5 24. dxc5 Rd8 25. Ne5 O-O 26. Nd3 Nd5 27. Qe4 Nf6 28. Qxb4
e5 29. Qb6 Qc8 30. Nb4 Nd7 31. Qa7 Nb8 32. Re1 Rfe8 33. Bc4 Rd7 34. Rce2 Rde7
35. h3 e4 36. Re3 Qd8 37. Qb6 Qc8 38. Qa7 Kh8 39. f3 f5 40. Nc2 Nd7 41. Nb4 Ne5
42. Bxa6 Bxa6 43. Qxa6 Qxa6 44. Nxa6 Rb7 45. f4 Ng6 46. b4 Rd8 47. g4 Nh4 48.
gxf5 Nf3+ 49. Rxf3 exf3 50. Re6 Rf7 51. Kf2 Rc8 52. Kxf3 Rxf5 53. Re5 Rf7 54. b5
cxb5 55. Nb4 Rcf8 56. Re4 g5 57. a6 Kg7 58. c6 Rc7 59. Kg4 gxf4 60. Rxf4 Rfc8
61. Rd4 Rxc6 62. Nxc6 Rxc6 63. a7 Rc8 64. Kf5 Rf8+ 65. Ke5 Re8+ 66. Kf5 Rf8+ 67.
Ke4 Re8+ 68. Kd3 Ra8 69. Rd7+ Kf6 70. Kc3 Kg5 71. Kb4 Kh4 72. Rh7 h5 73. Kxb5
Kg3 74. h4 Kxh4 75. Kb6 Kg4 76. Kb7 Re8 77. a8=Q Rxa8 78. Kxa8 h4 79. Kb7 h3 80.
Kc6 Kg3 81. Kd5 h2 82. Rxh2 Kxh2 83. Kd4 1/2-1/2

[Event "TCh-CHN 2018"]
[Site "China CHN"]
[Date "2018.10.28"]
[Round "17.5"]
[Board "4"]
[White "Zhang, Xiaowen"]
[Black "Chu, Ruotong"]
[Result "1-0"]
[WhiteTitle "WGM"]
[BlackTitle "WIM"]
[WhiteElo "2318"]
[BlackElo "2261"]
[WhiteTeam "Shenzhen Longgang Chess association"]
[BlackTeam "Tianjin Team"]
[WhiteFideId "8603219"]
[BlackFideId "8605653"]
[EventDate "2018.04.11"]

1. e4 e5 2. Nf3 Nf6 3. Nxe5 d6 4. Nf3 Nxe4 5. Nc3 Nxc3 6. dxc3 Be7 7. Be3 Nc6 8.
Bd3 Bf6 9. Qe2 O-O 10. O-O-O Re8 11. h4 h6 12. Qd2 Bg4 13. Rdg1 Rb8 14. Kb1 b5
15. Nh2 Be6 16. g4 b4 17. c4 d5 18. g5 Bc3 19. Qd1 dxc4 20. Be4 Nd4 21. bxc3
bxc3+ 22. Ka1 c5 23. gxh6 Rb2 24. Rxg7+ Kf8 25. Rg8+ Ke7 26. Bg5+ f6 27. Rg7+
Bf7 28. Bxf6+ Kxf6 29. Rxf7+ Kxf7 30. Qh5+ Ke7 31. Qxc5+ Qd6 32. Qxa7+ Kd8 33.
Qa5+ Kd7 34. Qxc3 Rxa2+ 35. Kxa2 Rxe4 36. Rd1 Ke7 37. h7 Qa6+ 38. Qa3+ Qxa3+ 39.
Kxa3 Nb5+ 1-0

[Event "TCh-CHN 2018"]
[Site "China CHN"]
[Date "2018.10.28"]
[Round "17.5"]
[Board "5"]
[White "Shvayger, Yuliya"]
[Black "Xiao, Yiyi"]
[Result "1/2-1/2"]
[WhiteTitle "IM"]
[BlackTitle "WFM"]
[WhiteElo "2389"]
[BlackElo "2295"]
[WhiteTeam "Shenzhen Longgang Chess association"]
[BlackTeam "Tianjin Team"]
[WhiteFideId "14100126"]
[BlackFideId "8606161"]
[EventDate "2018.04.11"]

1. e4 e5 2. Nf3 Nc6 3. Bc4 Bc5 4. c3 Nf6 5. d4 exd4 6. e5 d5 7. Bb5 Ne4 8. cxd4
Bb6 9. Nc3 O-O 10. Be3 Ne7 11. O-O f6 12. exf6 Nxf6 13. Ne5 c6 14. Bd3 Bf5 15.
f4 Nd7 16. Be2 Nxe5 17. fxe5 Qd7 18. Qd2 Rf7 19. Na4 Raf8 20. Nxb6 axb6 21. a4
Be4 22. Rxf7 Rxf7 23. Rf1 Ng6 24. Rxf7 Qxf7 25. Bh5 Qf5 26. Bxg6 Qxg6 27. b4 h6
28. a5 bxa5 29. bxa5 Qg4 30. h3 Qg3 31. Qf2 Qxf2+ 1/2-1/2

[Event "TCh-CHN 2018"]
[Site "China CHN"]
[Date "2018.10.28"]
[Round "17.6"]
[Board "1"]
[White "Balogh, Csaba"]
[Black "Li, Chao b"]
[Result "1/2-1/2"]
[WhiteTitle "GM"]
[BlackTitle "GM"]
[WhiteElo "2629"]
[BlackElo "2703"]
[WhiteTeam "Hebei sports lottery chess team"]
[BlackTeam "Beijing Beiao team"]
[WhiteFideId "718939"]
[BlackFideId "8604436"]
[EventDate "2018.04.11"]

1. e4 e5 2. Nf3 Nf6 3. Nxe5 d6 4. Nf3 Nxe4 5. Nc3 Nxc3 6. dxc3 Be7 7. Be3 O-O 8.
Qd2 b6 9. O-O-O Bb7 10. Nd4 Nc6 11. Nf5 Bf6 12. Ng3 Ne7 13. Nh5 Nf5 14. Nxf6+
Qxf6 15. Bg5 Qe6 16. b3 h6 17. Bf4 Qf6 18. f3 Rfe8 19. Bb5 Re7 20. Rhe1 a6 21.
Bd3 Rae8 22. Rxe7 Nxe7 23. Re1 Bc6 24. Bg3 a5 25. a4 Nf5 26. Rxe8+ Bxe8 27. Bf2
Bd7 28. Kb2 Kf8 29. Qf4 Qg5 30. Qxg5 hxg5 1/2-1/2

[Event "TCh-CHN 2018"]
[Site "China CHN"]
[Date "2018.10.28"]
[Round "17.6"]
[Board "2"]
[White "Zhang, Ziji"]
[Black "Yu, Yangyi"]
[Result "0-1"]
[BlackTitle "GM"]
[WhiteElo "2393"]
[BlackElo "2764"]
[WhiteTeam "Hebei sports lottery chess team"]
[BlackTeam "Beijing Beiao team"]
[WhiteFideId "8609470"]
[BlackFideId "8603820"]
[EventDate "2018.04.11"]

1. d4 e6 2. c4 b6 3. e4 Bb7 4. Bd3 Nc6 5. Ne2 g6 6. Nbc3 Bg7 7. d5 Ne5 8. O-O
Nf6 9. f4 Nxd3 10. Qxd3 O-O 11. Bd2 b5 12. Nxb5 c6 13. dxc6 dxc6 14. Nd6 Nxe4
15. Qxe4 Qxd6 16. Bc3 Rad8 17. b3 Ba8 18. Bxg7 Kxg7 19. Nc3 c5 20. Qe3 Qc6 21.
Rf2 Rd4 22. Re1 Rfd8 23. Qe5+ Kg8 24. Na4 Rd1 25. h3 f6 26. Qe2 Rxe1+ 27. Qxe1
Rd4 28. Qe3 Qd6 29. Nc3 a6 30. Kh2 g5 31. Ne2 Rd3 32. Qc1 Rd2 33. Qc3 gxf4 34.
Qxf6 f3+ 35. Kh1 fxg2+ 0-1

[Event "TCh-CHN 2018"]
[Site "China CHN"]
[Date "2018.10.28"]
[Round "17.6"]
[Board "3"]
[White "Wan, Yunguo"]
[Black "Fang, Yan"]
[Result "1-0"]
[WhiteTitle "GM"]
[BlackTitle "IM"]
[WhiteElo "2529"]
[BlackElo "2424"]
[WhiteTeam "Hebei sports lottery chess team"]
[BlackTeam "Beijing Beiao team"]
[WhiteFideId "8603189"]
[BlackFideId "8604746"]
[EventDate "2018.04.11"]

1. e4 e5 2. Nf3 Nc6 3. Bc4 Nf6 4. Ng5 d5 5. exd5 Na5 6. Bb5+ c6 7. dxc6 bxc6 8.
Bd3 Ng4 9. Ne4 f5 10. Be2 h5 11. h3 fxe4 12. hxg4 Bc5 13. g5 Qxg5 14. b4 Qxg2
15. Rf1 Bxf2+ 16. Rxf2 Qh1+ 17. Rf1 Qh4+ 18. Rf2 Bg4 19. Bxg4 hxg4 20. Qe2 g3
21. Rg2 O-O 22. d3 Qh1+ 23. Kd2 e3+ 24. Kc3 Qxc1 25. Qg4 Rad8 26. Rxg3 Rf7 27.
Rg1 Rxd3+ 28. Kxd3 Qb2 29. Nc3 e4+ 30. Nxe4 1-0

[Event "TCh-CHN 2018"]
[Site "China CHN"]
[Date "2018.10.28"]
[Round "17.6"]
[Board "4"]
[White "Wang, Jue"]
[Black "Zhai, Mo"]
[Result "1-0"]
[WhiteTitle "WGM"]
[BlackTitle "WGM"]
[WhiteElo "2367"]
[BlackElo "2352"]
[WhiteTeam "Beijing Beiao team"]
[BlackTeam "Hebei sports lottery chess team"]
[WhiteFideId "8604070"]
[BlackFideId "8600201"]
[EventDate "2018.04.11"]

1. e4 c6 2. d4 d5 3. e5 c5 4. dxc5 e6 5. a3 Bxc5 6. b4 Bb6 7. Nf3 a5 8. b5 Nd7
9. Bb2 Ne7 10. Bd3 Ng6 11. O-O Nf4 12. g3 Nxd3 13. Qxd3 Nc5 14. Qe2 Na4 15. Bd4
Qc7 16. Nbd2 Nc3 17. Qe3 Bxd4 18. Nxd4 Qc5 19. N2b3 Qc4 20. a4 Bd7 21. Rfe1 O-O
22. h4 Qb4 23. h5 h6 24. Nc1 Qc4 25. Nd3 Rfc8 26. g4 Kf8 27. Kh2 Ne4 28. Ra3 Qc7
29. f3 Ng5 30. Nf2 Qb6 31. f4 Rc4 32. Rd1 Nh7 33. Nh3 f6 34. f5 Qc7 35. Nf4 Ng5
36. fxe6 fxe5 37. Nxd5 exd4+ 38. Nxc7 dxe3 39. Nxa8 Rxc2+ 40. Kg3 e2 41. Re1
Bxe6 42. Re3 Rc4 43. R1xe2 Rxg4+ 44. Kf2 Bd5 45. Nb6 Rf4+ 46. Kg3 Rd4 47. Re8+
Kf7 48. R2e7+ Kf6 49. Nd7+ Kf5 50. Re5# 1-0